00443pam a2200169a 44500008004100000020002400041082001300065100002400078245002900102250001300131260004300144300001000187700002300197700002300220906001100243999001900254230405s2006 xxu||||| |||| 00| 0 eng d a0443100349cRs. 477 a572bCAM aCampbell, Peter N.  aBiochemistry Illustrated a5th Ed.  aEdinburghbChurchill Livingstonec2006 a242 p aPeters, Timothy J. aSmith, Anthony D.  a001157 c249905d249905